[Event "German Masters 2021"]
[Site "Magdeburg"]
[Date "2021.07.28"]
[Round "6.5"]
[White "Fridman, Daniel"]
[Black "Kollars, Dmitrij"]
[Result "1/2-1/2"]
[WhiteElo "2608"]
[BlackElo "2607"]
[Annotator "ChessBase"]
[PlyCount "176"]
[EventDate "2021.07.23"]
[EventType "tourn"]
[EventCountry "GER"]
[SourceTitle "playchess.com"]
[Source "ChessBase"]
[SourceQuality "1"]
[TimeControl "40/5400+30:1800+30"]

1. d4 d5 {[%emt 0:01:23]} 2. Nf3 {[%emt 0:03:59]} Nf6 {[%emt 0:00:12]} 3. c4 {[%emt 0:00:07]} c6 {[%emt 0:00:25]} 4. Qb3 {[%emt 0:07:31]} e6 {[%emt 0:00:43]} 5. Bf4 {[%emt 0:01:24]} c5 {[%emt 0:00:28]} 6. cxd5 {[%emt 0:07:38]} Nxd5 {[%emt 0:01:19]} 7. Bd2 {[%emt 0:14:35]} cxd4 {[%emt 0:09:16]} 8. Nxd4 {[%emt 0:00:16]} Bc5 {[%emt 0:00:49]} 9. Nf3 {[%emt 0:00:19]} Nc6 {[%emt 0:02:22]} 10. Nc3 {[%emt 0:02:56]} O-O {[%emt 0:01:06]} 11. e3 {[%emt 0:01:18]} Qe7 {[%emt 0:04:40]} 12. Bb5 {[%emt 0:06:21]} Bd7 {[%emt 0:20:10]} 13. Nxd5 {[%emt 0:12:54]} exd5 {[%emt 0:00:05]} 14. Qxd5 {[%emt 0:00:10]} Rfd8 {[%emt 0:07:45]} 15. Qg5 {[%emt 0:00:57]} Nd4 {[%emt 0:12:40]} 16. Qxe7 {[%emt 0:00:39]} Nc2+ {[%emt 0:00:08]} 17. Kd1 {[%emt 0:00:06]} Bxe7 {[%emt 0:00:05]} 18. Kxc2 {[%emt 0:07:17]} Bxb5 {[%emt 0:00:05]} 19. Nd4 {[%emt 0:02:35]} Ba4+ {[%emt 0:06:52]} 20. Kd3 {[%emt 0:01:59]} Bb5+ {[%emt 0:01:14]} 21. Kc2 {[%emt 0:00:16]} Ba4+ {[%emt 0:00:06]} 22. b3 {[%emt 0:08:04]} Bc6 {[%emt 0:01:45]} 23. f3 {[%emt 0:00:06]} Bf6 {[%emt 0:01:20]} 24. Bc3 {[%emt 0:00:37]} Bxd4 {[%emt 0:02:18]} 25. Bxd4 {[%emt 0:00:12]} a5 {[%emt 0:00:39]} 26. Kb2 {[%emt 0:13:19]} a4 {[%emt 0:01:21]} 27. Rac1 {[%emt 0:00:36]} axb3 {[%emt 0:02:47]} 28. axb3 {[%emt 0:00:41]} Ra5 {[%emt 0:00:27]} 29. Ra1 {[%emt 0:01:37]} Rg5 {[%emt 0:02:27]} 30. Rhg1 {[%emt 0:00:15]} f6 {[%emt 0:00:30]} 31. Rad1 {[%emt 0:01:07]} Rgd5 {[%emt 0:02:49]} 32. Rd2 {[%emt 0:01:12]} Kf7 {[%emt 0:00:40]} 33. Rf2 {[%emt 0:00:54]} h5 {[%emt 0:01:31]} 34. h4 {[%emt 0:00:32]} Ra8 {[%emt 0:01:18]} 35. Bc3 {[%emt 0:01:46]} Rd3 {[%emt 0:01:40]} 36. Re1 {[%emt 0:02:01]} Rad8 {[%emt 0:01:46]} 37. Kc2 {[%emt 0:00:19]} Bb5 {[%emt 0:03:22]} 38. Rd2 {[%emt 0:00:25]} f5 {[%emt 0:06:12]} 39. Rxd3 {[%emt 0:00:56]} Bxd3+ {[%emt 0:00:05]} 40. Kb2 {[%emt 0:00:13]} Rd6 {[%emt 0:00:59]} 41. Rd1 {[%emt 0:31:56]} Rd7 {[%emt 0:32:16]} 42. Bd4 {[%emt 0:00:00]} Ba6 {[%emt 0:00:00]} 43. Rd2 {[%emt 0:00:00]} Rd6 {[%emt 0:00:00]} 44. Kc3 {[%emt 0:00:00]} Bf1 {[%emt 0:00:00]} 45. Rf2 {[%emt 0:00:00]} Bb5 {[%emt 0:00:00]} 46. Kb4 {[%emt 0:00:00]} Bd7 {[%emt 0:00:00]} 47. Kc5 {[%emt 0:00:00]} Ra6 {[%emt 0:00:00]} 48. b4 {[%emt 0:00:00]} g6 {[%emt 0:00:00]} 49. Kd5 {[%emt 0:00:00]} Ra2 {[%emt 0:00:00]} 50. Bb2 {[%emt 0:00:00]} Ra4 {[%emt 0:00:00]} 51. Kd6 {[%emt 0:00:00]} Ke8 {[%emt 0:00:00]} 52. Bc3 {[%emt 0:00:00]} Ra6+ {[%emt 0:00:00]} 53. Ke5 {[%emt 0:00:00]} Ba4 {[%emt 0:00:00]} 54. Bd4 {[%emt 0:00:00]} Kf7 {[%emt 0:00:00]} 55. Kf4 {[%emt 0:00:49]} Bb3 {[%emt 0:00:00]} 56. Rb2 {[%emt 0:00:59]} Bc4 {[%emt 0:00:36]} 57. b5 {[%emt 0:04:42]} Ra2 {[%emt 0:00:20]} 58. Rb4 {[%emt 0:00:02]} Bf1 {[%emt 0:00:07]} 59. Rb1 {[%emt 0:01:21]} Bd3 {[%emt 0:01:17]} 60. Rb3 {[%emt 0:00:02]} Bf1 {[%emt 0:01:39]} 61. Rc3 {[%emt 0:01:28]} Bxb5 {[%emt 0:01:33]} 62. Rc7+ {[%emt 0:00:01]} Ke6 {[%emt 0:00:09]} 63. Rxb7 {[%emt 0:00:02]} Bc6 {[%emt 0:00:07]} 64. Rb6 {[%emt 0:00:17]} Kd6 {[%emt 0:02:30]} 65. Bb2 {[%emt 0:00:42]} Kc5 {[%emt 0:01:13]} 66. Bd4+ {[%emt 0:00:07]} Kd6 {[%emt 0:00:03]} 67. Bb2 {[%emt 0:00:24]} Kc5 {[%emt 0:00:01]} 68. Rb8 {[%emt 0:00:13]} Bb5 {[%emt 0:00:38]} 69. Bd4+ {[%emt 0:00:07]} Kc4 {[%emt 0:00:04]} 70. Kg3 {[%emt 0:03:04]} Ra6 {[%emt 0:00:51]} 71. Rg8 {[%emt 0:00:06]} Kd5 {[%emt 0:00:37]} 72. Rb8 {[%emt 0:01:09]} Bf1 {[%emt 0:00:18]} 73. Rb1 {[%emt 0:00:03]} Bc4 {[%emt 0:00:24]} 74. Kf4 {[%emt 0:00:45]} Ra2 {[%emt 0:00:20]} 75. g3 {[%emt 0:00:24]} Rf2 {[%emt 0:01:07]} 76. Ba7 {[%emt 0:00:44]} Rf1 {[%emt 0:00:55]} 77. Rb2 {[%emt 0:00:02]} Bd3 {[%emt 0:01:40]} 78. Bb8 {[%emt 0:00:31]} Be4 {[%emt 0:01:52]} 79. Kg5 {[%emt 0:00:01]} Bxf3 {[%emt 0:00:16]} 80. Kxg6 {[%emt 0:00:03]} Bg4 {[%emt 0:00:10]} 81. Rb5+ {[%emt 0:00:32]} Ke4 {[%emt 0:00:30]} 82. Bf4 {[%emt 0:01:01]} Ra1 {[%emt 0:00:27]} 83. Re5+ {[%emt 0:00:49]} Kf3 {[%emt 0:00:12]} 84. Rb5 {[%emt 0:00:41]} Ra6+ {[%emt 0:00:17]} 85. Kg5 {[%emt 0:00:07]} Ra8 {[%emt 0:00:09]} 86. Rb4 {[%emt 0:00:09]} Rg8+ {[%emt 0:00:19]} 87. Kh6 {[%emt 0:00:08]} Rh8+ {[%emt 0:00:08]} 88. Kg7 {[%emt 0:00:03]} Ra8 {[%emt 0:00:11]} 1/2-1/2

[Event "German Masters 2021"]
[Site "Magdeburg"]
[Date "2021.07.29"]
[Round "7.1"]
[White "Kollars, Dmitrij"]
[Black "Bluebaum, Matthias"]
[Result "1/2-1/2"]
[WhiteElo "2607"]
[BlackElo "2669"]
[Annotator "TA"]
[PlyCount "116"]
[EventDate "2021.07.23"]
[EventType "tourn"]
[EventCountry "GER"]
[SourceTitle "playchess.com"]
[Source "ChessBase"]
[SourceQuality "1"]

{[%evp 9,116,21,15,21,22,15,19,16,66,17,26,26,20,14,14,18,16,12,21,25,19,14,30,25,26,23,41,19,48,45,63,46,60,39,42,31,18,19,76,76,77,68,77,75,77,78,73,59,145,101,78,54,116,35,35,27,35,35,42,35,37,14,7,0,0,0,0,0,0,0,0,0,0,0,0,0,0,0,0,0,0,0,0,0,0,0,0,0,0,0,0,0,0,0,0,0,0,0,0,0,0,0,0,0,0,0,0,0,0]} 1. e4 c6 2. d4 d5 3. e5 Bf5 4. Nf3 e6 5. Be2 Ne7 6. c3 {B12: Caro-Kann: Advance Variation.} Ng6 7. O-O {7.h4 is not played anymore.} f6 8. exf6 Qxf6 {[#]} 9. Bg5 $146 (9. Qb3 $5 {[%cal Rb3b7]} b6 10. c4 $14) ({Predecessor:} 9. Qb3 b6 10. c4 Bd6 11. Nc3 Nd7 12. cxd5 exd5 13. Nxd5 cxd5 14. Qxd5 Rc8 15. Ba6 Rxc1 16. Raxc1 {1-0 (22) Robson,R (2673)-Ter Sahakyan,S (2640) Chess.com INT 2020}) 9... Qf7 10. Nbd2 Bd6 11. Nh4 Nxh4 12. Bxh4 O-O 13. Bg3 Qc7 14. Qb3 Bxg3 15. hxg3 c5 16. Nf3 c4 17. Qd1 Nc6 18. Qd2 b5 19. Rfe1 h6 20. Bd1 b4 21. Ba4 bxc3 22. bxc3 Rab8 23. Re2 Nd8 (23... Rb6 $11 {remains equal.}) 24. Ne5 $16 Qa5 25. Bd1 Rb7 26. g4 Bh7 27. Bc2 Bxc2 28. Qxc2 Rf6 (28... Qc7 $14) 29. Rae1 Qb5 30. g3 g5 {[#]} (30... Nf7 $1 $14) 31. Rf1 (31. f4 $1 $16) 31... Nf7 $1 $14 32. Kg2 Nd6 33. f3 Kg7 34. Rff2 (34. Ref2 {is more complex.} Qb6 35. Qc1 Kg8 36. Re1 Nf7 37. Nxf7 Rbxf7 38. Rb2) 34... Nf7 35. Qc1 (35. Re1 {with more complications.} Qe8 36. Ref1 Qb8 37. Qe2 Kh7 38. Kh3) 35... Nxe5 {The position is equal.} 36. dxe5 Rff7 37. f4 Qb1 38. Qe3 Qd3 39. Qxd3 cxd3 $11 {[%mdl 4096] Endgame KRR-KRR} 40. Rd2 Rbc7 41. Rxd3 Rc4 42. f5 Rxg4 43. fxe6 Rxf2+ 44. Kxf2 {[#] Threatens to win with Rf3. KR-KR} Kf8 45. Rxd5 {aiming for Rd4.} Rc4 46. Rd7 a5 47. Kf3 h5 48. Rf7+ (48. g4 {keeps more tension.} hxg4+ 49. Kg2 Rxc3 50. Rf7+ Ke8 51. Rg7) 48... Ke8 49. Rh7 (49. g4 {feels hotter.} hxg4+ 50. Kg3 Rxc3+ 51. Kxg4 Ra3 52. Kxg5 Rxa2 53. Kf6) 49... h4 50. gxh4 gxh4 51. Ke3 Rxc3+ 52. Kf4 Ra3 53. Kf5 Rf3+ 54. Ke4 Ra3 55. Kd5 Rd3+ 56. Ke4 Ra3 57. Kd5 Rd3+ 58. Ke4 Ra3 {Weighted Error Value: White=0.07/Black=0.06} 1/2-1/2

[Event "German Masters 2021"]
[Site "Magdeburg"]
[Date "2021.07.29"]
[Round "7.2"]
[White "Meier, Georg"]
[Black "Fridman, Daniel"]
[Result "1/2-1/2"]
[WhiteElo "2628"]
[BlackElo "2608"]
[Annotator "TA"]
[PlyCount "81"]
[EventDate "2021.07.23"]
[EventType "tourn"]
[EventCountry "GER"]
[SourceTitle "playchess.com"]
[Source "ChessBase"]
[SourceQuality "1"]

{[%evp 23,81,25,23,10,29,29,20,29,12,24,23,26,12,20,11,25,24,0,3,5,10,5,9,12,7,7,22,27,18,16,11,3,14,14,14,15,15,13,36,34,25,14,10,13,16,10,12,0,0,0,23,9,38,10,10,12,14,4,7,0]} 1. Nf3 d5 2. g3 Nf6 3. Bg2 c5 4. O-O Nc6 5. d4 e6 6. c4 dxc4 7. dxc5 Qxd1 8. Rxd1 Bxc5 9. Nbd2 c3 10. bxc3 {[%cal Bb2c3,Bc3c4][%mdl 32]} O-O 11. Nb3 Be7 12. c4 Bd7 13. Bb2 {E04: Open Catalan: 5 Nf3.} Rfc8 {[#]} 14. c5 $146 ({Predecessor:} 14. Bxf6 Bxf6 15. Rxd7 Bxa1 16. Nxa1 Rd8 17. Rd2 Ne5 18. Nb3 Nxc4 19. Rc2 Rd1+ 20. Bf1 {½-½ (56) Nakamura,H (2736)-Praggnanandhaa,R (2608) chess24.com INT 2021}) 14... Be8 15. Nfd2 b6 16. cxb6 axb6 17. Nc4 Rab8 18. Nd6 Bxd6 19. Rxd6 Na5 20. Rdd1 {[#] And now Be5 would win.} Nc4 21. Bd4 Bc6 22. Bf1 b5 23. Nd2 Bd5 24. a3 Ra8 25. Nxc4 Bxc4 26. Bg2 Ra4 27. Rd2 Bd5 28. f3 h6 29. e4 Bc4 30. Bb2 b4 31. axb4 Rxb4 32. g4 Bb5 33. h4 Nd7 34. Kh2 Nb6 35. Rad1 Kh7 {...Nc4 is the strong threat.} 36. Ba1 Ba4 37. Re1 Nd7 38. Bd4 Rc2 {The position is equal.} 39. Rxc2 Bxc2 40. Be3 Ne5 41. Kg3 {Weighted Error Value: White=0.04/Black=0.04} 1/2-1/2

[Event "German Masters 2021"]
[Site "Magdeburg"]
[Date "2021.07.29"]
[Round "7.3"]
[White "Parvanyan, Ashot"]
[Black "Heimann, Andreas"]
[Result "1/2-1/2"]
[WhiteElo "2451"]
[BlackElo "2599"]
[Annotator "ChessBase"]
[PlyCount "85"]
[EventDate "2021.07.23"]
[EventType "tourn"]
[EventCountry "GER"]
[SourceTitle "playchess.com"]
[Source "ChessBase"]
[SourceQuality "1"]
[TimeControl "40/5400+30:1800+30"]

1. Nf3 {[%emt 0:00:04]} d5 {[%emt 0:00:03]} 2. d4 {[%emt 0:00:39]} Nf6 {[%emt 0:00:06]} 3. c4 {[%emt 0:00:03]} e6 {[%emt 0:00:02]} 4. g3 {[%emt 0:00:15]} Bb4+ {[%emt 0:00:05]} 5. Bd2 {[%emt 0:00:06]} Be7 {[%emt 0:00:03]} 6. Bg2 {[%emt 0:00:51]} O-O {[%emt 0:00:07]} 7. O-O {[%emt 0:00:04]} Nbd7 {[%emt 0:00:04]} 8. Bc3 {[%emt 0:07:19]} c6 {[%emt 0:01:15]} 9. Nbd2 {[%emt 0:01:46]} b6 {[%emt 0:00:05]} 10. b4 {[%emt 0:03:43]} Bb7 {[%emt 0:05:35]} 11. Qb3 {[%emt 0:07:22]} Rb8 {[%emt 0:03:40]} 12. Rfd1 {[%emt 0:08:26]} c5 {[%emt 0:03:21]} 13. b5 {[%emt 0:17:35]} Qc7 {[%emt 0:15:34]} 14. Rac1 {[%emt 0:00:45]} a6 {[%emt 0:06:59]} 15. a4 {[%emt 0:05:29]} axb5 {[%emt 0:03:51]} 16. axb5 {[%emt 0:05:06]} Ra8 {[%emt 0:00:47]} 17. Ra1 {[%emt 0:01:28]} h6 {[%emt 0:06:17]} 18. cxd5 {[%emt 0:03:22]} Bxd5 {[%emt 0:03:49]} 19. Qb2 {[%emt 0:00:11]} Qb7 {[%emt 0:00:02]} 20. Bf1 {[%emt 0:09:17]} Rfc8 {[%emt 0:03:59]} 21. Ne5 {[%emt 0:11:16]} Nxe5 {[%emt 0:03:58]} 22. dxe5 {[%emt 0:00:04]} Ne4 {[%emt 0:00:03]} 23. Nxe4 {[%emt 0:00:22]} Bxe4 {[%emt 0:00:06]} 24. f3 {[%emt 0:00:24]} Bg6 {[%emt 0:00:05]} 25. e4 {[%emt 0:00:59]} Rxa1 {[%emt 0:19:01]} 26. Rxa1 {[%emt 0:00:23]} c4 {[%emt 0:00:02]} 27. Ra4 {[%emt 0:05:03]} Bc5+ {[%emt 0:24:12]} 28. Kh1 {[%emt 0:02:00]} Qd7 {[%emt 0:00:02]} 29. Rxc4 {[%emt 0:02:59]} Qd1 {[%emt 0:00:03]} 30. Qe2 {[%emt 0:01:41]} Qb3 {[%emt 0:00:01]} 31. Bd4 {[%emt 0:05:23]} Ra8 {[%emt 0:00:34]} 32. Bxc5 {[%emt 0:00:05]} bxc5 {[%emt 0:00:31]} 33. Rc2 {[%emt 0:00:16]} c4 {[%emt 0:00:21]} 34. Rb2 {[%emt 0:01:51]} Qa3 {[%emt 0:00:24]} 35. b6 {[%emt 0:00:18]} c3 {[%emt 0:01:11]} 36. b7 {[%emt 0:00:36]} cxb2 {[%emt 0:00:34]} 37. bxa8=Q+ {[%emt 0:00:24]} Qxa8 {[%emt 0:00:05]} 38. Qxb2 {[%emt 0:00:09]} Qa7 {[%emt 0:00:06]} 39. h3 {[%emt 0:01:23]} Qe3 {[%emt 0:00:08]} 40. Bg2 {[%emt 0:00:29]} Bh5 {[%emt 0:00:16]} 41. g4 {[%emt 0:02:29]} Bg6 {[%emt 0:00:07]} 42. Kh2 {[%emt 0:03:13]} h5 {[%emt 0:01:10]} 43. Qb5 {[%emt 0:08:49]} 1/2-1/2

[Event "German Masters 2021"]
[Site "Magdeburg"]
[Date "2021.07.29"]
[Round "7.4"]
[White "Braun, Arik"]
[Black "Engel, Luis"]
[Result "0-1"]
[WhiteElo "2609"]
[BlackElo "2543"]
[Annotator "ChessBase"]
[PlyCount "44"]
[EventDate "2021.07.23"]
[EventType "tourn"]
[EventCountry "GER"]
[SourceTitle "playchess.com"]
[Source "ChessBase"]
[SourceQuality "1"]
[TimeControl "40/5400+30:1800+30"]

1. Nf3 {[%emt 0:00:03]} d5 {[%emt 0:00:23]} 2. e3 {[%emt 0:00:05]} Nf6 {[%emt 0:00:06]} 3. c4 {[%emt 0:00:06]} e6 {[%emt 0:00:05]} 4. b3 {[%emt 0:00:13]} c5 {[%emt 0:00:38]} 5. Bb2 {[%emt 0:00:42]} Nc6 {[%emt 0:00:06]} 6. cxd5 {[%emt 0:01:14]} exd5 {[%emt 0:00:06]} 7. Be2 {[%emt 0:00:27]} d4 {[%emt 0:05:40]} 8. Bb5 {[%emt 0:00:18]} Bd6 {[%emt 0:01:11]} 9. h3 {[%emt 0:04:51]} O-O {[%emt 0:05:31]} 10. O-O {[%emt 0:06:57]} Nd5 {[%emt 0:06:12]} 11. Bxc6 {[%emt 0:08:06]} bxc6 {[%emt 0:02:12]} 12. Na3 {[%emt 0:00:05]} Re8 {[%emt 0:08:17]} 13. Nc4 {[%emt 0:00:29]} Re6 {[%emt 0:05:42]} 14. Re1 {[%emt 0:06:31]} Rh6 {[%emt 0:04:41]} 15. Nxd6 {[%emt 0:19:37]} Qxd6 {[%emt 0:00:28]} 16. exd4 {[%emt 0:01:43]} Bxh3 {[%emt 0:03:51]} 17. Qe2 {[%emt 0:01:57]} Rf8 {[%emt 0:11:35]} 18. Qe5 {[%emt 0:20:14]} Qd7 {[%emt 0:02:14]} 19. g3 {[%emt 0:11:30]} f6 {[%emt 0:03:11]} 20. Qe2 {[%emt 0:03:35]} Bg2 {[%emt 0:07:01]} 21. Nh4 {[%emt 0:00:26]} Nf4 {[%emt 0:02:00]} 22. gxf4 {[%emt 0:00:44]} Bd5 {[%emt 0:02:17]} 0-1

[Event "German Masters 2021"]
[Site "Magdeburg"]
[Date "2021.07.29"]
[Round "7.5"]
[White "Svane, Rasmus"]
[Black "Graf, Alexander"]
[Result "0-1"]
[WhiteElo "2615"]
[BlackElo "2569"]
[Annotator "TA"]
[PlyCount "190"]
[EventDate "2021.07.23"]
[EventType "tourn"]
[EventCountry "GER"]
[SourceTitle "playchess.com"]
[Source "ChessBase"]
[SourceQuality "1"]

{[%evp 17,190,57,81,81,80,25,50,32,34,45,46,47,47,38,85,87,77,27,42,62,65,77,101,0,0,0,110,100,108,-207,-211,-275,-35,-73,-41,-172,-205,-625,-625,-632,-435,-641,-631,-556,-221,-221,-215,-219,-208,-205,-211,-196,-130,-128,-128,-124,-143,-132,-139,-114,-83,-173,-177,-183,-163,-180,-174,-244,-196,-259,-241,-519,-462,-517,-517,-485,-510,-467,-459,-839,0,-885,-884,-888,-720,-872,-766,-781,-765,-906,-863,-860,-844,-837,-866,-623,-559,-886,-1449,-1356,-1349,-1475,-896,-1111,-747,-2442,-1574,-1860,-2233,-2113,-2063,-2875,-2470,-2818,-2713,-2607,-2815,-2097,-970,-1365,-1104,-6633,-1110,-29936,-29938,-29957,-2,-2,-2,-29958,-29960,-29953,-29953,-29956,-29960,-29959,-29966,-29979,-29970,-29970,-29971,-29971,-29972,-29961,-29969,-29970,-29965,-29964,-29965,-29965,-29966,-29963,-29961,-29968,-29964,-29968,-29969,-29969,-29968,-12225,-1768,-29978,-29979,-29979,-29979,-29981,-29981,-29981,-29982,-29983,-29984,-29984,-29985,-29985,-29985]} 1. e4 c5 2. Nf3 e6 3. d4 cxd4 4. Nxd4 Nf6 5. Nc3 d6 6. g4 a6 7. g5 Nfd7 8. Be3 b5 9. a3 Nb6 10. h4 {B81: Sicilian Scheveningen: Keres Attack.} N8d7 11. Rg1 (11. h5 $16) 11... Ne5 12. h5 {[#] White is slightly better.} Nbc4 $146 ({Predecessor:} 12... g6 13. Rh1 Bg7 14. h6 Bf8 15. f4 Nec4 16. Bc1 Qc7 17. b3 Na5 18. Bb2 Rg8 {1-0 (51) Werner,E-Ratsch,H DDR 1981}) 13. Bc1 Qb6 $1 {[%cal Rb6d4]} 14. Nce2 Bb7 15. b3 Qa5+ 16. c3 Bxe4 17. bxc4 Nd3+ 18. Kd2 bxc4 19. Ng3 $1 {[%cal Rg3e4]} Bd5 (19... Nxf2 $2 20. Qe1 $18) 20. g6 (20. Bxd3 $16 cxd3 21. Kxd3) 20... hxg6 $11 21. hxg6 Rh2 (21... Rh4 $11 {remains equal.} 22. gxf7+ Kxf7) 22. Bxd3 $16 cxd3 23. Qe1 $2 {[%mdl 8192]} (23. gxf7+ $16 Kd7 24. Kxd3) 23... Rc8 $19 24. Bb2 (24. gxf7+ Kxf7 25. Kxd3 e5 $19) 24... Be7 $2 (24... e5 $19 {Threatens to win with ...Kd7.} 25. Rb1 fxg6) 25. gxf7+ $15 Kd7 (25... Kf8 $5 {[%cal Re7g5]} 26. Qe3 (26. Nxe6+ Kxf7 27. Nf1 Bf6 $17) 26... Bf6 27. Nxe6+ Bxe6 28. Qxe6 {[%mdl 64] Double Attack} Rxf2+ 29. Kd1 (29. Kxd3 $2 {is a self mate.} Rxc3+ 30. Bxc3 Qxc3+ {[%mdl 64] Double Attack} 31. Ke4 Qf3#) (29. Ke1 Qc5 $17) 29... Rd8 $11) 26. Nf1 ({White has to play} 26. Qe3 $1 $15) 26... Rh4 $19 {aiming for ...Bf6.} 27. f4 $2 (27. Qe3 e5 28. Nf5) 27... Rxf4 28. Qe3 Rxf7 {And now ...e5 would win.} 29. Ng3 (29. Qxd3 $142 Rf2+ 30. Kc1) 29... Qb6 30. Rab1 {Now Ba1 and White clings on.} Rcf8 $2 (30... e5 31. Ba1 Qc5) 31. Ba1 Rf2+ 32. Nge2 Rxe2+ 33. Nxe2 Qxe3+ 34. Kxe3 {Strongly threatening Nf4.} Rf3+ ({Black should play} 34... dxe2 $19 35. Kxe2 g5) 35. Kd2 $17 {c4 is the strong threat.} dxe2 36. Kxe2 g5 37. c4 Be4 38. Rg4 Bc6 39. Bd4 (39. Rf1 $17 Rxf1 40. Kxf1) 39... Rxa3 $19 {White must now prevent ...Bf3+.} 40. Rf1 Ra2+ 41. Kd3 {[#]} e5 $1 {[%cal Re5d4]} 42. Ra1 (42. Be3 {was worth a try.}) 42... Rh2 43. Be3 (43. Bg1 $142 e4+ 44. Ke3) 43... Bf3 44. Rg3 (44. Rgg1) 44... e4+ 45. Kc3 Bf6+ 46. Bd4 Bxd4+ 47. Kxd4 {[%mdl 4096] Endgame KRR-KRB} Rd2+ 48. Ke3 (48. Kc3 $142 Rd3+ 49. Kb2) 48... Rd3+ 49. Kf2 g4 50. Rgg1 e3+ 51. Kg3 e2 52. Kf2 Rd4 (52... Rd1 $2 53. Re1 $19) 53. Rxa6 Rxc4 54. Ra3 Re4 55. Re1 Ke6 56. Ra8 Ke5 57. Re8+ Kd4 58. Ra8 d5 59. Ra4+ Ke5 60. Ra8 d4 61. Rd8 Re3 62. Ra1 Rb3 63. Re8+ Kd5 64. Rd8+ Ke4 65. Re8+ Kd3 66. Rd8 Rc3 67. Rd7 Rc2 (67... Rc5 $142 68. Rg1 Rf5) 68. Ra3+ {[#]} Ke4 $1 {( -> ...g3+!)} 69. Re7+ Kf5 70. Rf7+ Ke6 71. Raa7 Rc1 $2 ({Not} 71... g3+ 72. Kxf3 g2 73. Rfe7+ Kf6 74. Rf7+ Ke6 75. Rfe7+ Kf6 76. Rf7+ Ke6 $11) (71... d3 {mates} 72. Rad7 Be4 73. Rde7+ Kd5 74. Rg7 Bf3 75. Rd7+ Kc4 76. Rge7 d2 77. Rxe2 d1=N+ 78. Kg3 Bxe2 79. Rc7+ Kd3 80. Rh7 Ke4 81. Rf7 Rc3+ 82. Kh4 Rh3+ 83. Kg5 g3 84. Re7+ Kf3 85. Rf7+ Ke3 86. Re7+ Kf2 87. Rg7 g2 88. Kf4 Rh4+ 89. Ke5 Bg4 90. Rf7+ Ke3 91. Rf6 g1=Q 92. Kd6 Qg3+ 93. Kc6 Bf3+ 94. Rxf3+ Qxf3+ 95. Kc5 Qb7 96. Kd6 Rh6+ 97. Kc5 Rc6+ 98. Kd5 Qb5#) 72. Rae7+ $11 Kd5 73. Rf5+ $2 {[%mdl 8192] Black continues to play with concentration.} (73. Rd7+ $11 Kc5 74. Rc7+ Bc6 75. Kxe2) 73... Kd6 74. Rfe5 d3 75. R7e6+ Kc7 76. Re7+ Kb6 77. R7e6+ Bc6 78. Rd6 Rf1+ 79. Kg3 e1=Q+ 80. Rxe1 Rxe1 81. Rxd3 {KRB-KR} Bf3 82. Rc3 Re5 83. Kf4 Rc5 84. Rb3+ Kc6 85. Rb8 Kd6 86. Rg8 Rc4+ 87. Kg3 Ke6 88. Re8+ Kf7 89. Re5 Bb7 {Black mates.} 90. Rb5 Bc8 91. Rb3 Be6 92. Re3 Kf6 93. Rd3 Bf5 94. Rb3 Kg5 95. Ra3 Rd4 {Weighted Error Value: White=0.67/Black=0.38} 0-1

[Event "German Masters 2021"]
[Site "Magdeburg"]
[Date "2021.07.30"]
[Round "8.1"]
[White "Bluebaum, Matthias"]
[Black "Graf, Alexander"]
[Result "1/2-1/2"]
[WhiteElo "2669"]
[BlackElo "2569"]
[Annotator "TA"]
[PlyCount "109"]
[EventDate "2021.07.23"]
[EventType "tourn"]
[EventCountry "GER"]
[SourceTitle "playchess.com"]
[Source "ChessBase"]
[SourceQuality "1"]

{[%evp 22,109,79,41,42,44,51,31,41,37,30,0,1,3,15,0,0,0,0,0,0,0,0,0,0,-101,-95,-124,-129,-117,-121,-129,-127,-116,-118,-116,-129,-116,-117,-113,-105,-105,-110,-120,-25,-22,-28,-39,-31,-44,-45,-40,-22,-33,0,0,0,0,-6,-152,-152,-152,-148,-145,-143,-163,-162,-896,-650,-12838,-12837,-12844,-12843,-12845,-12845,-12846,-12846,-12847,0,0,-8,0,0,0,0,0,0,0,0,0]} 1. d4 Nf6 2. c4 g6 3. Nc3 Bg7 4. e4 d6 5. Be2 O-O 6. Be3 c5 7. d5 b5 8. cxb5 a6 9. a4 Qa5 10. Bd2 axb5 11. Bxb5 Ba6 12. Nge2 Qb4 {E74: King's Indian: Averbakh Variation: 6...c5.} 13. f3 Nfd7 14. Ra2 {[#]} c4 $146 {White is slightly better.} ({Predecessor:} 14... Ne5 15. Nb1 Bxb5 16. Bxb4 Nd3+ 17. Kf1 Nxb4 18. Ra3 Ba6 19. Nbc3 Nd7 20. Kg1 Rfc8 {1-0 (58) Budnikov,A (2400)-Ragozin,E (2290) Khabarovsk 1990}) 15. O-O Nc5 16. Bxa6 Nbxa6 17. Nb5 Qb3 18. Nc1 (18. Qb1 {looks sharper.} Nxa4 19. Ned4 Bxd4+ 20. Nxd4 Qb6 21. Be3) 18... Qxd1 19. Rxd1 Rfb8 20. Bc3 Rb7 21. Ne2 Nd3 22. Ned4 Nac5 23. a5 (23. Rda1 $11) 23... Ra6 $1 $17 24. Raa1 e5 $1 {[%cal Re5d4]} 25. dxe6 fxe6 26. Na3 Nxb2 27. Bxb2 Rxb2 28. Nxc4 Rb4 29. Rac1 d5 30. Nxe6 Nxe6 31. exd5 Nd4 {And now ...Ne2+ would win.} 32. Kf1 {[#]} Nf5 (32... Bh6 $1 $17 33. Rc3 Nf5) 33. d6 $11 {[#] aiming for d7.} Rxc4 $1 34. d7 {[#]} (34. Rxc4 Ne3+) 34... Bf6 35. d8=Q+ Bxd8 36. Rxd8+ Kg7 37. Rd7+ Kh6 38. Rxc4 {[%mdl 4096] Endgame KRR-KRN} Ne3+ {[%mdl 64] Double Attack} 39. Kf2 Nxc4 {KRN-KR} 40. Rc7 (40. h4 $11 {remains equal.}) 40... Nxa5 $17 41. h4 Rc6 42. Rd7 Rc2+ 43. Kg1 {intending g4.} Rc3 44. g4 $2 (44. Kf2) 44... Rxf3 $19 45. g5+ Kh5 46. Rxh7+ Kg4 47. Rh6 Kg3 48. Rxg6 Re3 {[%cal Re3e1]} 49. Rf6 {[#]} Nc4 $2 (49... Nb3 $1 $19 {[%cal Rb3d2]} 50. g6 Nd2 51. Rf1 Nxf1 52. Kxf1 Kxh4 53. g7 Re8 54. Kf2 Kg5 55. g8=N Rxg8 56. Ke3 Rd8 57. Ke4 Kf6 58. Kf4 Re8 59. Kg4 Re4+ 60. Kg3 Kg5 61. Kf3 Re5 62. Kg2 Kg4 63. Kf2 Re4 64. Kg2 Rf4 65. Kh1 Rf2 66. Kg1 Kg3 67. Kh1 Rf1#) 50. Rf2 $11 {The position is equal.} Re1+ 51. Rf1 Re2 {( -> ...Nd2)} 52. g6 Nd2 53. g7 Rg2+ 54. Kh1 Kh3 55. Rf2 {Black had all chances to win.  Weighted Error Value: White=0.56/Black=0.16} 1/2-1/2